|
|
|
|
| LEADER |
01313nam a2200325 i 4500 |
| 001 |
36250 |
| 003 |
BD-DhAAL |
| 005 |
20191021122420.0 |
| 008 |
191021t1980 caua b 001 0 eng d |
| 999 |
|
|
|c 41650
|d 41650
|
| 010 |
|
|
|a 80011427
|
| 020 |
|
|
|a 0534008321
|
| 040 |
|
|
|a DLC
|c DLC
|d DLC
|d BD-DhAAL
|
| 043 |
|
|
|a n-us---
|
| 050 |
0 |
0 |
|a LB3051
|b .S267 1980
|
| 082 |
0 |
0 |
|a 371.26
|2 19
|
| 100 |
1 |
|
|a Sax, Gilbert.
|9 36259
|
| 245 |
1 |
0 |
|a Principles of educational and psychological measurement and evaluation /
|c Gilbert Sax.
|
| 250 |
|
|
|a Second edition.
|
| 260 |
|
|
|a Belmont, Calif. :
|b Wadsworth Pub. Co.,
|c c1980.
|
| 300 |
|
|
|a xv, 688 pages :
|b illustrations ;
|c 24 cm.
|
| 500 |
|
|
|a First ed. published in 1974 under title: Principles of educational measurement and evaluation.
|
| 500 |
|
|
|a Includes index.
|
| 504 |
|
|
|a Includes bibliographical references (pages [647]-667).
|
| 526 |
|
|
|a BIED
|
| 541 |
|
|
|a Complimentary copy from BIED
|e 36250
|
| 650 |
|
0 |
|a Educational tests and measurements
|z United States.
|9 36260
|
| 852 |
|
|
|a Ayesha Abed Library
|c General Stacks
|
| 942 |
|
|
|2 ddc
|c BK
|
| 952 |
|
|
|0 0
|1 0
|2 ddc
|4 0
|6 371_260000000000000_SAX
|7 0
|9 66877
|a BRACUL
|b BRACUL
|c GEN
|d 2019-10-21
|e Complimentary copy from BIED
|l 0
|o 371.26 SAX
|p 3010036250
|r 2019-10-21
|t 1
|w 2019-10-21
|y BK
|x Transferred from BIED to General Stacks
|